Italy Geography Quiz - Statistics

General Stats
  • This quiz has been taken 25 times
  • The average score is 6 of 10
Answer Stats
Hint Answer % Correct
The second-largest island in Italy Sardinia
96%
The largest, highest active volcano in all of Europe located on the island of Sicily Mount Etna
92%
The stratovolcano that erupted in 79 AD, destroying the nearby cities of Pompeii and Herculaneum Mount Vesuvius
84%
The river that flows through the city of Rome River Tiber
84%
The longest river in Italy Po River
80%
The tallest mountain in Italy Mont Blanc
60%
The sea separating Italy and its two largest islands Tyrrhenian Sea
40%
The river that flows through the city of Pisa Arno River
36%
The mountain range in that runs along the Italian Peninsula Apennine Mountains
28%
The largest lagoon in Italy Venetian Lagoon
16%
No matching quizzes found
Score Distribution
Percent of People with Each Score
Percentile by Number Answered
Your Score History
You have not taken this quiz